000 00563nam a2200205 i 4500
001 112381
003 ES-MaACL
005 20231229062529.0
007 t|
008 061121s1969 sp r ||||1| spa d
100 1 _aOrtega y Gasset, José,
_d1883-1955
_987503
245 1 3 _aEl espectador.
_n2 /
_cJosé Ortega y Gasset.
250 _a3ª ed.
260 _aMadrid :
_bRevista de Occidente,
_c1969.
300 _a1 v. :
_blám. ;
_c18 cm.
490 1 _aEl arquero
830 1 _aEl arquero
_9185163
852 _aES-MaACL
_jP-1901
999 _c112381
_d112381